Reines de France - Statistiques

Statistiques générales
  • Ce quiz a été pris 259 fois
  • Le résultat moyen est 11 sur 20
Statistiques - réponses
Époux Reine % Correct
Louis XIII Anne d'{Autriche}
97%
Louis XVI Marie-Antoinette d'{Autriche}
97%
Henri II Catherine de {Médicis}
95%
Louis VII Aliénor d'{Aquitaine}
90%
Louis VIII Blanche de {Castille}
88%
Charles VIII - Louis XII (2ème) Anne de {Bretagne}
80%
Charles VI Isabeau de {Bavière}
67%
Louis XII (3ème) Marie d'{Angleterre}
56%
Louis VI Adélaïde de {Savoie}
51%
Philippe III (1ère) Isabelle d'{Aragon}
49%
Louis IX Marguerite de {Provence}
48%
Louis X Clémence de {Hongrie}
45%
Philippe II (2ème} Ingebruge de {Danemark}
43%
Philippe IV Jeanne Ière de {Navarre}
41%
Philippe II (1ère) Isabelle de {Hainaut}
30%
Pépin Ier Berthe de {Laon}
28%
Clovis Ier Clotilde de {Burgondie}
23%
Clothaire Ier Radegonde de {Poitiers}
23%
Charles IV Marie de {Luxembourg}
20%
Louis II (2ème) Adélaïde de {Frioul}
15%
Aucun quiz correspondant
Distribution des résultats
% des personnes avec chaque résultat
Percentile par nombre de réponses
Votre historique - résultats
Vous n’avez pas pris ce quiz